| 000 | 00860nam a22002297a 4500 | ||
|---|---|---|---|
| 005 | 20180226113419.0 | ||
| 010 | _aB-529161-167 B-663788 | ||
| 020 |
_a9780143414667 (V.I) _c499.00 |
||
| 035 | _aB-529161-167 | ||
| 035 | _aB-663788 | ||
| 037 |
_adpl _bUBH/Ven |
||
| 037 |
_adpl _bBookwell/Ven |
||
| 082 | _aN | ||
| 245 |
_aClassic Ruskin Bond: _bcomplete and unabridged/ |
||
| 260 |
_aNew Delhi _bPenguin Books _c2010 |
||
| 270 |
_a11 Community Centre, Panchsheel Park _bNew Delhi _e110017 |
||
| 300 |
_av.I(490p.) _c21cm(pbk) |
||
| 520 | _a13-14EN | ||
| 942 |
_2ddc _cEN _hN _mCLA |
||
| 999 |
_c83777 _d83777 |
||